STUDY ON LAND TRANSACTION IN SANGKAT SNOE, KHAN KAMBOL, PHNOM PENH សិក្សាពីការផ្ទេរប័ណ្ណកម្មសិទ្ធិលើអចលនទ្រព្យ នៅសង្កាត់ស្នោរ ខណ្ឌកំបូល រាជធានីភ្នំពេញ (Record no. 23178)

000 -LEADER
fixed length control field 00648nam a22001217a 4500
040 ## - CATALOGING SOURCE
Transcribing agency RUA
100 ## - MAIN ENTRY--AUTHOR NAME
Personal name MIN SITHA មិន ស៊ីថា
245 ## - TITLE STATEMENT
Title STUDY ON LAND TRANSACTION IN SANGKAT SNOE, KHAN KAMBOL, PHNOM PENH សិក្សាពីការផ្ទេរប័ណ្ណកម្មសិទ្ធិលើអចលនទ្រព្យ នៅសង្កាត់ស្នោរ ខណ្ឌកំបូល រាជធានីភ្នំពេញ
260 ## - PUBLICATION, DISTRIBUTION, ETC. (IMPRINT)
Place of publication PHNOM PENH
Name of publisher RUA
Year of publication 2023
300 ## - PHYSICAL DESCRIPTION
Number of Pages XI. 48P
Other physical details VIII.
Dimensions 29CM
856 ## - ELECTRONIC LOCATION AND ACCESS
Uniform Resource Identifier https://drive.google.com/file/d/1j-tsYulwTVDJaypznuRijoxANGcjM3IF/view?usp=sharing
942 ## - ADDED ENTRY ELEMENTS (KOHA)
Koha item type LMA
952 ## - LOCATION AND ITEM INFORMATION (KOHA)
Withdrawn status [LOCAL, KOHA] 0
952 ## - LOCATION AND ITEM INFORMATION (KOHA)
Withdrawn status [LOCAL, KOHA] 0
952 ## - LOCATION AND ITEM INFORMATION (KOHA)
Withdrawn status [LOCAL, KOHA] 0
952 ## - LOCATION AND ITEM INFORMATION (KOHA)
Withdrawn status [LOCAL, KOHA] 0
Holdings
Permanent Location Date acquired Koha item type Lost status Shelving location Barcode Current Location Full call number
Library Block B2024-06-20LMA B1.498a076646Library Block BLMA MIN 2023 B1-498 Or.
Library Block B2024-06-20LMA B1.498a077231Library Block BLMA MIN 2023 B1-498 Or.
Library Block B2024-06-20LMA B1.498a080428Library Block BLMA MIN 2023 B1-498 Or.
Library Block B2024-06-20LMA B1.498a077210Library Block BLMA MIN 2023 B1-498 Or.
មជ្ឈមណ្ឌលឯការនៃសាកលវិទ្យាល័យភូមិន្ទកសិកម្មចំការដូង

Powered by Koha